| 000 | 00368nam a2200133Ia 4500 | ||
|---|---|---|---|
| 008 | 150202s9999 xx 000 0 und d | ||
| 020 | _a345329341 | ||
| 050 |
_aFIC _bFIC |
||
| 100 | _aHambly, Barbara. | ||
| 245 | 4 |
_aThe witches of Wenshar / _cBarbara Hambly. |
|
| 260 |
_aNew York : _bBallantine Books, _c1987. |
||
| 300 |
_a339 pages : _c18 cm. |
||
| 650 | _aFiction. | ||
| 999 |
_c282088 _d282088 |
||